Famous Sidekicks Quiz Stats

 Plays Quiz Updated Jul 2, 2012

Support Sporcle.
Go Orange.
Score 0/28 Timer 05:00
1 Play Today
Main Character Sidekick % Correct
BatmanRobin
99.5%
Fred FlintstoneBarney Rubble
91.5%
StarskyHutch
90.1%
LiloStitch
88.3%
ShrekDonkey
87.5%
Sherlock HolmesDoctor Watson
82%
CheechChong
76.5%
RenStimpy
75.5%
Yogi BearBoo Boo
66%
Rocky J. SquirrelBullwinkle
64.5%
SnoopyWoodstock
62.2%
CalvinHobbes
61.8%
PennTeller
61.4%
George W. BushDick Cheney
61.3%
Main Character Sidekick % Correct
GarfieldOdie
60.8%
Pat SajakVanna White
57.9%
Krusty the ClownSideshow Mel
54.1%
The Lone RangerTonto
51.9%
Captain HookSmee
51.1%
Montgomery BurnsWaylon Smithers
50.2%
GumbyPokey
33.3%
Johnny CarsonEd McMahon
32.3%
Wayne CampbellGarth Algar
30.9%
Tim 'The Toolman' TaylorAl Borland
29.4%
David LettermanPaul Shaffer
22.7%
Don QuixoteSancho Panza
17.9%
Danger MousePenfold
6.9%
The TickArthur
6%

You're not logged in!

Compare scores with friends on all Sporcle quizzes.
OR
Log In
Forgot?

From the Vault

Letter Sandwich

by MSUKent

This quiz would go well with a bowl of alphabet soup.
Remove Ads.
Support Sporcle.
Get the best of Sporcle when you Go Orange. This ad-free experience offers more features, more stats, and more fun while also helping to support Sporcle. Thank you for becoming a member.

Show Comments

Extras

Top Quizzes Today


Score Distribution

Your Account Isn't Verified!

In order to create a playlist on Sporcle, you need to verify the email address you used during registration. Go to your Sporcle Settings to finish the process.

Report this User

Report this user for behavior that violates our Community Guidelines.

Details: